Ensayo sobre la naturaleza y significación de la ciencia económica / (Record no. 130982)

MARC details
000 -LEADER
campo de control de longitud fija 00628nam a2200181 4500
001 - NÚMERO DE CONTROL
campo de control 130982
003 - IDENTIFICADOR DE NÚMERO DE CONTROL
campo de control ES-MaACL
005 - FECHA Y HORA DE LA ÚLTIMA TRANSACCIÓN
campo de control 20230906193906.0
007 - CAMPO FIJO DE DESCRIPCIÓN FÍSICA--INFORMACIÓN GENERAL
campo de control de longitud fija t|
008 - DATOS DE LONGITUD FIJA--INFORMACIÓN GENERAL
campo de control de longitud fija 070214s1944 mx r ||||1| spa d
100 1# - ENTRADA PRINCIPAL--NOMBRE DE PERSONA
Nombre de persona Robbins, Lionel Charles
Títulos y otros términos asociados al nombre Baron (
Fechas asociadas al nombre 1898-1984)
9 (RLIN) 97789
245 10 - MENCIÓN DEL TÍTULO
Título Ensayo sobre la naturaleza y significación de la ciencia económica /
Mención de responsabilidad, etc. Lionel Robbins ; versión española de Daniel Cosío Villegas.
250 ## - MENCION DE EDICION
Mención de edición 1ª ed.
260 ## - PUBLICACIÓN, DISTRIBUCIÓN, ETC.
Lugar de publicación, distribución, etc. México :
Nombre del editor, distribuidor, etc. Fondo de Cultura Económica,
Fecha de publicación, distribución, etc. 1944.
300 ## - DESCRIPCIÓN FÍSICA
Extensión 214 p. ;
Dimensiones 22 cm.
700 1# - ENTRADA AGREGADA--NOMBRE PERSONAL
Nombre de persona Cosío Villegas, Daniel.
9 (RLIN) 40996
852 ## - LOCALIZACIÓN
Ubicación ES-MaACL
Número de control de estantería F-5189
Sublocalización o colección R.26737
Holdings
Estatus retirado Estado de pérdida Estado de daño No para préstamo Biblioteca de origen Biblioteca actual Ubicación en estantería Fecha de adquisición Fuente de adquisición Total de préstamos Signatura topográfica completa Código de barras Visto por última vez Precio de reemplazo Tipo de ítem Koha
        Biblioteca del Ateneo de Madrid Biblioteca del Ateneo de Madrid Depósito 2 17/01/2008     F-5189 1136368 23/02/2023 23/02/2023 Libro impreso